000 01939cam a2200517 4500
001 22416
003 SK-KTurca
005 20260328101904.0
006 r c r tn
008 210413s2021 xo a c 000 f slo
015 _aSNBA2022/07
020 _a9788056620571
_q(viazané)
040 _aSVKBB
_bslo
_cSVKBB
_dSNK
_erda
041 1 _aslo
_hger
044 _axo
_cSK
072 7 _a821.112.2-3
_xNemecká próza, nemecky písaná
_2konspekt
072 7 _a821-93
_xLiteratúra pre deti a mládež (beletria)
_2konspekt
080 _a821.112.2(436)-32
_22011
080 _a82-93-053.4/.5
_22011
080 _a(0:82-322.4)
_22011
100 1 _aBrezina, Thomas,
_d1963-
_4aut
240 1 0 _aEin Fall für dich und das Tiger-Team, Band 44: Der Schlangenfisch
_lSlovensky
245 1 0 _aPrípad pre teba a tigrí tím
_pNetvor z hlbín
_cThomas Brezina ; ilustrovala Naomi Fearnová ; z nemeckého originálu preložila Katarína Šmidtová
246 3 1 _aNetvor z hlbín
250 _a2. vydanie
264 1 _aBratislava
_bFragment
_c2021
300 _a143 strán
_bilustrácie
_c19 cm
_e1 plastová lupa
336 _atext
_btxt
_2rdacontent
336 _astatický obraz
_bsti
_2rdacontent
336 _atrojrozmerná forma
_btdf
_2rdacontent
337 _abez média
_bn
_2rdamedia
338 _azväzok
_bnc
_2rdacarrier
338 _aobjekt
_bnr
_2rdacarrier
500 _aVydalo vydavateľstvo Fragment v spoločnosti Albatros Media Slovakia, s. r.o.
521 1 _aPre čitateľov od 9 rokov
655 7 _arakúske príbehy
_2SNKPH
655 7 _adetektívne príbehy
_2SNKPH
655 7 _aliteratúra pre deti
_2SNKPH
655 7 _aAustrian stories
_2SNKPHeng
655 7 _aAdventure stories
_2SNKPHeng
655 7 _aChildren’s literature
_2SNKPHeng
700 1 _aFearn, Naomi,
_d1976-
_4ill
700 1 _aŠmidtová, Katarína
_4trl
710 2 _aAlbatros Media Slovakia.
_bFragment
_4pbl
942 _2ddc
_cKLDE
_n0
999 _c22416
_d22416